[Event "AUT-chT 1718"]
[Site "Austria"]
[Date "2017.11.19"]
[Round "4.2"]
[White "Georgiadis, Nico"]
[Black "Postny, Evgeny"]
[Result "1/2-1/2"]
[WhiteElo "2517"]
[BlackElo "2575"]
[Annotator "Postny,E"]
[PlyCount "173"]
[EventDate "2017.11.16"]
[EventType "team-tourn"]
[EventRounds "11"]
[EventCountry "AUT"]
[SourceTitle "CBM 182"]
[Source "ChessBase"]
[SourceDate "2018.01.17"]
[SourceVersion "1"]
[SourceVersionDate "2018.01.17"]
[SourceQuality "1"]
[WhiteTeam "Goetzis"]
[BlackTeam "Salzburg Royal"]
[WhiteTeamCountry "AUT"]
[BlackTeamCountry "AUT"]

1. d4 Nf6 2. c4 e6 3. g3 Bb4+ 4. Bd2 Bxd2+ 5. Qxd2 O-O 6. Bg2 d5 7. Nf3 c6 {
We have reached a Closed Catalan structure, but without the dark-squared
bishops. White has a slight advantage in space, but Black is very solid.} 8.
Nc3 Nbd7 9. b3 b6 (9... b5 $5 {seems to be a good option.} 10. cxb5 cxb5 11.
O-O ({The pawn is taboo:} 11. Nxb5 $4 Ne4 12. Qd3 Qa5+ 13. Kf1 a6 $19 {[%csl
Rb5]}) 11... Qb6 $11) 10. O-O Ba6 (10... Bb7 {is more accurate.} 11. Rfd1 (11.
e4 Nxe4 12. Nxe4 dxe4 13. Ng5 Nf6 14. Nxe4 Nxe4 15. Bxe4 Qe7 {followed by one
of the rooks to d8, then c6-c5 at some point, equalising.}) 11... Qe7 12. Rac1
Rfd8 13. Qf4 Rac8 14. e4 Ba6 $6 {It's preferable to exchange everything on e4.}
15. e5 Ne8 16. Bf1 $14 {1/2-1/2 (37) Xiong,J (2652)-Bruzon Batista,L (2652)
Saint Louis 2017}) 11. Qc2 (11. Ne5 $1 Nxe5 12. dxe5 Nd7 13. f4 Qe7 14. Rfd1
Rad8 15. cxd5 cxd5 16. Rac1 f6 17. exf6 Nxf6 18. e3 {and White is marginally
better.}) 11... Rc8 {I declined the challenge and didn't grab the pawn.} (11...
dxc4 12. bxc4 (12. Ne5 Nxe5 13. dxe5 Nd5 14. bxc4 Bxc4 15. Ne4 Ba6 16. Nd6 $44)
12... Bxc4 13. Ne5 Nxe5 14. dxe5 Nd7 (14... Nd5 15. Ne4 $44 {[%cal Ge4d6]}) 15.
Rfd1 $44) 12. Rfd1 b5 $5 {Changing the structure.} (12... dxc4 $6 {Now it's
worse than on the previous move since White's rook is already on d1.} 13. Ne5
Nxe5 14. dxe5 Nd5 $6 (14... Nd7 15. Ne4 Qe7 16. f4 $14) 15. bxc4 (15. e4 $2 Nb4
$17) 15... Bxc4 16. Ne4 $16 {[%cal Ge4d6,Ge2e4]}) ({There was nothing wrong
with a useful move, like} 12... Qe7 {If now} 13. e4 {then} dxc4 14. e5 Nd5 15.
bxc4 Bxc4 16. Ne4 Ba6 17. Nd6 Rc7 {White still has to prove his compensation,
even though his knight on d6 is quite annoying.}) 13. c5 b4 {This is forced,
otherwise my position will be cramped.} 14. Na4 {I would prefer to transfer
the knight to d2 via b1.} (14. Nb1 Bb5 15. a3 a5 16. e3 Ra8 17. Nbd2 Qc7 {
with decent play.}) 14... Bb5 15. Nb2 Ne4 {The position is balanced. Black has
some active pieces and his plan is the advance e6-e5. The b4-pawn is a
potential target, but it's not easy for White to attack it.} 16. a3 a5 17. e3
Ra8 18. Nd3 (18. Ne5 Nc3 (18... Nxe5 $2 19. Bxe4 {is a small trick}) 19. Nxd7
Qxd7 20. Re1 e5 $11) 18... Nc3 19. Re1 Bxd3 20. Qxd3 Qf6 $2 {That's an
oversight.} (20... Qc7 {preparing e6-e5 at certain point. Black will have no
problems.}) 21. axb4 axb4 22. Ra6 $1 $16 {[%csl Rc6] Simply forgot about this
move. Now I have to put my rook in a passive position.} Rac8 (22... Rfc8 23.
Rea1 Qd8 24. Ne1 $16 {[%csl Rb4][%cal Ge1c2]}) 23. h4 $5 (23. Ra7 e5 24. Qa6 $1
e4 25. Bh3 Nb5 26. Bxd7 Nxa7 27. Bxc8 Rxc8 28. Ne5 Qe7 29. Ra1 Rc7 30. Qb6 $16)
23... e5 {There is no other way to create counterplay.} 24. Nxe5 Nxe5 25. dxe5
Qxe5 26. Qd4 (26. Rb6 Nb5 27. Bh3 f5 28. Qd2 {White is going to win a pawn,
basically for nothing.}) 26... Qxd4 27. exd4 Nb5 28. Rd1 Nc3 29. Re1 Nb5 30.
Rd1 Nc3 31. Rd2 {Obviously, White has every reason to continue as he is going
to win a pawn soon.} (31. Rd3 $1 {was more precise} Rfe8 32. Rb6 (32. Bh3 Rc7
33. Rb6 {winning a pawn in both cases.})) 31... Rfe8 32. Bh3 (32. Rb6 Re2 {
reveals the slight drawback of 31.Rd2.}) 32... Rc7 33. Rb6 Re1+ 34. Bf1 $2 {
The worst of the three options White had.} (34. Kg2 g6 35. Rxb4 f5 {and here
the best move seems to be 36.Kh2, so it's better to play it immediately.}) (34.
Kh2 $1 g6 35. Rxb4 f5 36. Bg2 {bringing the bishop back into play. Here I
would face a tough task, fighting for a draw.}) {[%tqu "En","How should Black
get some counterplay?","","","g7g5","The endgame suddenly becomes quite
dynamic. My king now has a safe square on g7, while its vis-а-vis might be in
danger.",12]} 34... g5 $1 {[%cal Gc7a7,Ga7a1] The endgame suddenly becomes
quite dynamic. My king now has a safe square on g7, while its vis-à-vis might
be in danger.} 35. hxg5 (35. Rxb4 Ra7 36. Kg2 Raa1 37. Rc2 Rxf1 38. Rxc3 g4 39.
f3 Rg1+ 40. Kf2 Raf1+ 41. Ke2 Re1+ {and Black gives a perpetual check.}) 35...
Ra7 (35... Ne4 36. Rc2 $1 (36. Ra2 $6 Rd1 37. Rxb4 Nd2 $15) 36... Rd1 {[%cal
Ge4d2]} 37. Kg2 Rxd4 38. f4 Nd2 39. Rb2 Ne4 40. Rc2 $11) 36. Kg2 Ne4 37. Re2
Rd1 $2 {Attacking the wrong pawn.} (37... Rb1 $1 38. Rxc6 Kg7 $1 (38... Rxb3 $2
39. Rc8+ Kg7 40. Rd8 $16) 39. f3 Nxg5 40. Rd6 Rxb3 41. Rxd5 Nxf3 42. c6 Rc3 43.
Rd7 Ra1 44. d5 Ne1+ 45. Kh2 Nf3+ $11) 38. f3 $2 (38. Rxc6 $1 Raa1 39. Rd6 $3 {
This move is difficult to spot in advance.} (39. Rxe4 $2 dxe4 40. Bc4 Rxd4 41.
Rc7 Rxc4 42. bxc4 Rc1 $11) 39... Rxd4 (39... Rxf1 40. Rxd5 Nc3 41. Rd8+ Kg7 42.
Ree8 h5 43. c6 $18) (39... Nxg5 40. Rxd5 Ne6 41. Rxe6 $1 fxe6 42. Rd8+ Kf7 43.
Rd7+ Kf6 44. Bc4 $18) (39... Nxd6 $2 40. cxd6 Ra8 41. d7 Kf8 42. Re5 Rxd4 {
[%cal Gd4e4]} 43. f3 $1 $18 {[%cal Gf1b5]}) 40. Rc2 Rdd1 41. f3 Rxf1 42. fxe4 {
and White should win.}) 38... Nxg5 39. Rxc6 Ne6 $6 {It was better to double
the rooks on the first rank and keep the knight on g5 for a while.} (39... Raa1
40. Rf2 Rac1 {Now White can't play 41.f4 in view of ...Ne4, so he has
basically only one piece that can move.} 41. Rd6 Rxd4 42. c6 Kg7 $15) 40. Rd6
Raa1 41. Rf2 Rxd4 42. c6 Rdd1 (42... Rc1 {was also possible, but wouldn't
change the evaluation. The position is balanced.}) 43. f4 {The pawn is running
all the way to f6, so my king can't feel too safe anymore.} Rac1 44. f5 Ng5 45.
Rd8+ Kg7 46. f6+ Kh6 47. Rg8 $1 {[%cal Gf2f4,Gf4h4]} Re1 $1 48. Rf4 (48. Rf5
Rc2+ 49. Kh1 Ne4 50. c7 d4 51. Kg1 $1 Rxc7 52. Rf4 {[%cal Gf4h4]} Rc5 53. Re8
d3 $1 54. Rfxe4 Rxf1+ $1 55. Kxf1 Rc1+ 56. Kf2 d2 57. Rd8 d1=Q 58. Rxd1 Rxd1
59. Rxb4 Kg5 $11) 48... Rc2+ 49. Kh1 Re4 50. Bg2 (50. Bd3 Rc1+ 51. Kg2 Rxf4 52.
gxf4 Ne4 53. Rg7 Rxc6 54. Rxf7 Rxf6 55. Rd7 Rxf4 56. Rxd5 {and this will
result in a draw.}) 50... Rxf4 51. gxf4 Ne4 52. Rc8 $2 {He should have
eliminated the knight straight away.} (52. Bxe4 dxe4 53. Re8 {and this rook
ending will end in a draw.}) 52... Nxf6 $2 (52... Ng3+ $1 53. Kh2 (53. Kg1 Ne2+
54. Kf1 Nxf4 $19) 53... Nh5 $1 {was the winning manoeuvre, getting both
White's f-pawns.}) 53. c7 Kg7 54. Bf1 Rc5 $6 (54... Ne4 55. Kg1 Rc5 {would be
far more challenging for White. In some cases the knight can go to d2,
attacking the b3-pawn. White should save himself by} 56. Bg2 $1 Kf6 57. Bxe4
dxe4 58. Re8 Rxc7 59. Rxe4 {going into a rook endgame.}) 55. Kg2 Ng8 $6 {
I was eager to get the c7-pawn, but there was no reason to hurry.} (55... h6 {
would be useful.}) 56. Rd8 Rxc7 57. Rxd5 {I eliminated the dangerous passed
pawn, but my knight is passive, so the extra pawn is not sufficient for a win.}
Rc2+ 58. Kg1 Nf6 59. Rg5+ {55...h6 would have been useful indeed.} Kf8 60. Bc4
Ne4 61. Rb5 Nd6 62. Rxb4 Nxc4 63. bxc4 Kg7 {This endgame is drawish, of course,
but I kept trying till the end.} 64. Ra4 Kg6 65. Ra6+ f6 66. Rc6 Kf5 67. c5 h5
68. Rc8 $6 Kxf4 69. c6 Kg3 70. Rg8+ Kf3 71. Rh8 Rxc6 $6 (71... h4 $1 {was a
better try, forcing the white rook to go back. Still it's a draw after} 72. Rc8
f5 73. Rc7 f4 74. Rc8) 72. Rxh5 Kg3 73. Kf1 Rc1+ 74. Ke2 Rc2+ 75. Kf1 Rf2+ 76.
Kg1 Rg2+ 77. Kf1 Rf2+ 78. Kg1 Ra2 79. Kf1 Ra1+ 80. Ke2 Kg4 81. Rb5 f5 82. Rb3
f4 83. Kf2 Ra2+ 84. Kf1 f3 85. Rb8 Ra1+ 86. Kf2 Ra2+ 87. Kf1 {Our team won the
match by a minimal margin and completed a very successful weekend with 7
points out of a possible 8!} 1/2-1/2

[Event "FRA-chT Top 16 GpB"]
[Site "France"]
[Date "2007.04.30"]
[Round "6.2"]
[White "Mamedyarov, Shakhriyar"]
[Black "Navara, David"]
[Result "1/2-1/2"]
[WhiteElo "2757"]
[BlackElo "2720"]
[Annotator "Postny,E"]
[PlyCount "115"]
[EventDate "2007.02.09"]
[EventType "team"]
[EventRounds "11"]
[EventCountry "FRA"]
[SourceTitle "CBM 119"]
[Source "ChessBase"]
[SourceDate "2007.08.01"]
[SourceVersion "1"]
[SourceVersionDate "2007.08.01"]
[SourceQuality "1"]
[WhiteTeam "Paris Chess 15"]
[BlackTeam "Mulhouse"]
[WhiteTeamCountry "FRA"]
[BlackTeamCountry "FRA"]

1. d4 Nf6 2. c4 e6 3. Nf3 b6 4. g3 Ba6 5. b3 Bb4+ 6. Bd2 Be7 7. Bg2 c6 8. Bc3
d5 9. Ne5 Nfd7 10. Nxd7 Nxd7 11. Nd2 O-O 12. O-O Rc8 13. e4 c5 ({The method
introduced by Adams seems to be the most reliable way for equality:} 13... b5
14. Re1 dxe4 15. Nxe4 bxc4 16. Qe2 Rb8 17. Bf1 Qc8 18. bxc4 Nb6 19. Nd2 Na4 20.
Ba5 c5 21. Qd1 Nb2 22. Qg4 Bd8 23. Nb3 cxd4 24. Qxd4 Bf6 25. Qxa7 Ra8 26. Qc5
Nxc4 27. Rac1 Nxa5 28. Qxa5 Qd8 29. Qxd8 Rfxd8 30. Bxa6 Rxa6 31. Re2 $11 {
1/2-1/2 Mamedyarov,S (2757)-Adams,M (2734)/Sofia BUL 2007/The Week in Chess
654 (37)}) 14. exd5 exd5 15. dxc5 dxc4 16. cxb6 {A new breeze in this highly
topical line. The theory of the main line 16.c6 went deeply into the endgame
where Black seems to hold nearly by force! Here is one recent example:} (16. c6
cxb3 17. Re1 b2 18. Bxb2 Nc5 19. Nc4 Bxc4 20. Qg4 Bg5 21. Qxc4 Nd3 22. Be5 Nxe1
23. Rxe1 Bf6 24. Bxf6 Qxf6 25. c7 Qd6 26. Rc1 b5 27. Qc2 g6 28. Bb7 b4 29. h4
h5 30. Kf1 a5 31. Qc5 Qxc5 32. Rxc5 a4 33. Ke2 b3 34. axb3 axb3 35. Kd3 Rfe8
36. Kc3 Kf8 37. Kxb3 Ke7 38. Kc4 Kd6 39. Bxc8 Rxc8 40. f4 Rxc7 41. Rxc7 Kxc7
42. Kd5 Kd7 43. f5 Ke7 44. Ke5 f6+ 45. Kf4 gxf5 46. Kxf5 Kf7 {1/2-1/2 Ivanchuk,
V (2750)-Aronian,L (2744)/Monte Carlo MNC 2007/The Week in Chess 647}) 16...
Nxb6 17. Re1 cxb3 (17... Bf6 18. Bxf6 Qxf6 19. Ne4 Qg6 20. Qd2 (20. Qd6 Qxd6
21. Nxd6 Rcd8 22. Nf5 g6 23. Ne3 Rfe8 24. Bf1 Re5 25. bxc4 Rc5 26. Rec1 Rdc8
27. Rc2 Kg7 28. Rac1 $14 {1/2-1/2 Radjabov,T (2700)-Leko,P (2740)/Morelia/
Linares 2006/CBM 112 (80)}) 20... Bb7 21. Qa5 Bd5 22. bxc4 Rxc4 23. Qxa7 Ra4
24. Qc7 Bxe4 25. Bxe4 Rxe4 26. Rxe4 Qxe4 27. Qxb6 $16 {1-0 Radjabov,T (2747)
-Shomoev,A (2551)/Sochi RUS 2007/The Week in Chess 652 (50)}) 18. Qxb3 Bf6 $6
$146 {It looks logical to exchange White's active bishop, but after this Black
will experience concrete problems with Pa7.} (18... Nd7 19. Ne4 (19. Nf3 Nc5
20. Qa3 {[%cal Ga1d1] is worth trying.}) 19... Nc5 20. Nxc5 {1/2-1/2 Topalov,V
(2783)-Aronian,L (2744)/Morelia/Linares MEX/ESP 2007/The Week in Chess 644;
The game was played in the last round, so the exhausted players decided to
call it a day.}) (18... Rxc3 $6 19. Qxc3 Bf6 20. Qa5 Bxa1 21. Rxa1 Nc8 22. Qxa6
Qxd2 23. Rb1 $16 {[%csl Rc8] 1-0 Khalifman,A (2622)-Anisimov,P (2515)/Tomsk
2006/CBM 114 ext (48)}) 19. Bxf6 Qxf6 20. Qa3 Nc4 21. Nxc4 Rxc4 22. Qe7 {
[%csl Ra7] The weakness on a7 is white's main hope to squeeze something out of
this position.} Qb6 (22... Rc2 $2 23. Qxa7 $16) 23. Rab1 {[%tqu "En","How
should Black continue?","","","c4c7","",10,"b6c5","",0]} Rc7 $1 (23... Qc5 $2
24. Bf1 Qxe7 25. Rxe7 Rc6 26. Rxa7 Bxf1 27. Kxf1 {with only one pair of rooks
such endgame would be drawish, but with all four rooks are on the board White
is likely to win, since Black will be tied to defending the Pf7.}) 24. Rxb6
Rxe7 25. Rxe7 axb6 26. Bd5 {In spite of reduced material, White has serious
pressure in this endgame. Black has to find some way either to activate his
pieces or to exchange bishops to achieve a rook endgame even at a price of a
pawn.} Bc8 27. f4 $6 {I don't like this move, as it weakens the 2nd rank.} (27.
h4 $142) 27... g6 (27... Be6 $1 28. Bb3 (28. Bxe6 fxe6 29. Rxe6 Ra8 {is enough
for a draw.}) 28... Bxb3 29. axb3 Rd8 30. Rb7 g6 31. Rxb6 Rd2 {is also drawish.
Here the drawback of 27.f4 is quite glaring. With the pawn chain f2-g3-h4
White would have much better winning chances.}) 28. Kf2 Kg7 29. Rc7 Kf6 $1 30.
Rc6+ (30. Bxf7 Rxf7 31. Rxc8 Ra7 {wins a pawn, but not the game.}) 30... Be6
31. Rxb6 Rc8 {At the cost of the pawn, Navara has activated his pieces.} 32.
Bc6 (32. Bxe6 $2 Rc2+ 33. Kf3 fxe6 $11 {[%csl Ra2,Rh2]}) 32... Rd8 33. Rb2 Rd3
34. Ba4 g5 $1 {[%mdl 256] According to the well-known rule: the defending side
should exchange as many pawns as possible.} 35. fxg5+ Kxg5 36. Bb3 h5 $1 37.
Ke2 Rc3 38. Kd2 Rf3 39. Bd1 Ra3 40. Bb3 h4 41. gxh4+ (41. Kc3 hxg3 42. hxg3 Kg4
$11) 41... Kxh4 42. Kc3 Kg4 {The f-pawn gives Black sufficient counterplay.}
43. Kb4 Ra8 44. a4 Bxb3 45. Rxb3 f5 46. Rg3+ (46. h3+ Kf4 $11 {followed by 47..
.Ke4.}) 46... Kf4 47. Rg7 Rh8 48. a5 Rxh2 49. a6 Rh8 50. Kc5 Ke4 51. Re7+ Kd3
52. a7 f4 53. Kb6 f3 54. Rf7 Ke2 55. Kb7 f2 56. a8=R Rxa8 57. Rxf2+ Kxf2 58.
Kxa8 1/2-1/2

[Event "Olomouc Skanska Cup"]
[Site "Olomouc"]
[Date "2004.08.06"]
[Round "3"]
[White "Postny, Evgeny"]
[Black "Babula, Vlastimil"]
[Result "1-0"]
[WhiteElo "2563"]
[BlackElo "2569"]
[Annotator "Postny,E"]
[PlyCount "127"]
[EventDate "2004.08.04"]
[EventType "tourn"]
[EventRounds "11"]
[EventCountry "CZE"]
[EventCategory "9"]
[SourceTitle "CBM 103"]
[Source "ChessBase"]
[SourceDate "2004.11.11"]
[SourceVersion "1"]
[SourceVersionDate "2004.11.11"]
[SourceQuality "1"]

1. d4 Nf6 2. c4 e6 3. Nf3 b6 4. g3 Ba6 5. Nbd2 c5 6. Bg2 Bb7 7. e4 {This is
the only way for white to fight for the opening advantage.} cxd4 (7... Nxe4 $2
8. Ne5 d5 (8... Nd6 9. Bxb7 Nxb7 10. Qf3 {[%csl Ra8,Rb7,Rf7]}) 9. Qa4+ Nd7 10.
cxd5 exd5 11. Nxe4 dxe4 12. Bh3 $40) 8. O-O d6 9. Nxd4 Nbd7 10. a4 {A typical
plan in this kind of positions. White is trying to create a weakness in
black's camp. However, in this concrete position more popular is 10.Re1.} (10.
Re1 Qc8 (10... Qc7 {--> 1-0 Roiz,M-Nyysti,S/Rethymnon 2003/CBM 98 [Roiz] (25)})
(10... a6 11. a4 Rb8 12. a5 Be7 13. axb6 Qxb6 14. N2b3 O-O 15. Na5 Ba8 16. b4
Rfc8 17. Be3 Qd8 18. b5 Ne5 19. Ndc6 Nxc6 20. Nxc6 Bxc6 21. bxc6 Rb4 22. Qe2 e5
23. Rxa6 {1/2-1/2 Sakaev,K-Anastasian,A/Ohrid 2001/CBM 84 (23)}) 11. a4 Nc5 (
11... Be7 12. a5 bxa5 13. N2b3 Nc5 14. Nxa5 Bxe4 15. Nac6 Bxg2 16. Kxg2 Bd8 17.
b4 Nb7 18. Qf3 O-O 19. Bg5 $36 {1/2-1/2 Doettling,F-Werle,J/Germany 2004/CBM
100 (60)}) 12. a5 bxa5 13. N2b3 a4 14. Nxc5 dxc5 15. Qxa4+ Nd7 16. Nb3 Bc6 17.
Qa3 $14 {0-1 Tregubov,P-Hamdouchi,H/France 2002/EXT 2003 (33)}) (10. b3 {
--> 0-1 Korobov,A-Psakhis,L/Ohrid 2001/CBM 84 [Psakhis] (46)}) 10... Qc8 ({
Probably stronger is} 10... Nc5 {as in the game Greenfeld,A-Krayz,A/Ramat Aviv
1998/CBM 68 [Avrukh,B] (1/2-1/2,32)}) 11. a5 a6 12. Re1 Be7 $146 (12... e5 13.
Nf5 g6 14. Ne3 $14 {1-0 Oll,L-Kengis,E/Riga 1995/CBM 47 [Dautov] (41)}) 13.
N2b3 Bd8 $1 {Very good manouevre. Black transfers his dark-squared bishop to
the a7-g1 diagonal, where it will put pressure on white's position.} (13...
Qxc4 $2 14. axb6 Nxb6 15. Na5 Qc7 16. Nxb7 ({Strong as well is} 16. e5 Nfd5 17.
Nf5 $1) 16... Qxb7 17. e5 Nfd5 18. exd6 Bxd6 {[%tqu "En","What is the most
effective continuation for white?","","","d4e6","",10]} 19. Nxe6 $1 fxe6 20.
Rxe6+ Kd7 21. Qg4 {with crushing attack.}) (13... O-O $2 14. axb6 Nxb6 15. Na5
Nxc4 16. Nxb7 Qxb7 17. e5 Nd5 18. exd6 Bxd6 19. Nxe6 $1 fxe6 20. Rxe6 Rf5 21.
Qd3 $18) 14. axb6 Bxb6 15. Na5 Ne5 16. Nxb7 Qxb7 17. b3 ({I calculated} 17. Nf5
$2 {, but black has very strong reply} O-O $1 (17... exf5 $2 18. exf5 Qa7 19.
Qxd6 Bxf2+ 20. Kf1 Bxe1 21. Qxe5+ Qe7 22. Qxe7+ Kxe7 23. Bxa8 $18) 18. Nxd6 Qa7
$17 {[%csl Rd6,Rf2][%cal Gf8d8]}) (17. Nxe6 $2 {does not work as well, due to}
fxe6 18. Qxd6 Kf7 19. Qxe5 Bxf2+ $17) 17... O-O 18. Bb2 {White has small, but
stable advantage thanks to pair of good bishops and superior pawnstructure.}
Rab8 19. Rb1 h5 20. h3 h4 $6 {Quite a risky push, but my opponent did not want
to stay in passivity.} ({More solid would have been} 20... Bc5) 21. gxh4 $5 {
Not an easy choice. I wanted to open the "g" file for my heavy pieces, but
probably stronger would have been not to ruin the pawn structure by 21.g4.} Bc5
22. Bc3 $6 {I simply overlooked black's reply.} ({Stronger was} 22. h5) ({or} 
22. Kh1) 22... Bb4 $1 {The exchange of dark-squared bishops will emphasize the
weakness of the dark fields in white's camp.} 23. Rc1 Qb6 24. Bxb4 Qxb4 25. Re3
{Transfering the rook to "g" file.} Qc5 26. Rg3 Nh5 $6 {This move was a real
surprise to me. Black's idea is very risky, since the black king may be in
danger now...} ({I expected something like} 26... Rfc8 {with approximate
equality.}) 27. Qxh5 Qxd4 28. Rd1 Qc5 29. Qg5 Ng6 30. Qxc5 $4 {I realized very
well that this move should be the last one to consider, but nevertheless i
made it... One of the things that i can't explain...} ({After} 30. h5 Qxg5 31.
Rxg5 Nf4 32. Rxd6 Rxb3 {black has good compensation, since white's bishop is
very bad.}) ({The best move was} 30. Ra1 $1 {when white keeps an advantage.})
30... dxc5 31. Ra1 Rb6 32. Ra5 Rc8 33. Bf1 e5 $1 {Black does not bother
himself with capturing the Ph4. It's much more important to secure the f4
stronghold. White's extra pawn has no significance at all.} 34. Be2 Nf4 {
[%csl Gf4] The knight is dominating the board. White is fighting for a draw...}
35. Bg4 Rc7 36. Re3 Rd6 37. Kf1 g6 38. Re1 Rb6 39. Re3 {White has no good plan
and can only wait and see what black will come up with.} Kg7 40. Rc3 Rd6 41.
Ke1 (41. Re3 $142) 41... Rd4 {White is not able to defend the Pe4 without a
damage to his position, so i decided to capture on a6...} 42. Rxa6 Rxe4+ 43.
Kf1 f5 44. Bf3 Rd4 45. Ra1 e4 46. Be2 Rd2 {It's clear that black's advantage
is nearly to decisive.} 47. Re3 Rcd7 48. f3 Nxe2 $2 {This was a great relief.
After the exchange of the great knight for my poor bishop white's troubles are
already behind...} (48... Nh5 $1 49. Kf2 (49. fxe4 $2 f4 $19 {[%cal Gh5g3]})
49... Nf6 {black has good winning chances.}) 49. Rxe2 exf3 50. Rxd2 Rxd2 51.
Ra5 Kh6 $6 {This king's march connected with oversight...} ({There is a simple
draw after} 51... Rb2 52. Rxc5 Rxb3 53. h5 $11) 52. Rxc5 Kh5 53. Rd5 {This
simple move was overlooked by Vlastimil Babula.} Rh2 $2 {In mutual time
trouble black made another mistake, which is a decisive one.} ({Black could
still achieve the draw by} 53... Rb2 54. Rd3 Kxh4 55. Rxf3 g5 56. Rc3 g4 57.
hxg4 fxg4 58. c5 g3 59. c6 Rb1+ 60. Kg2 Rb2+ 61. Kf3 g2 62. Rc4+ Kh5 63. Rc1
Rc2 $1 $11) 54. Rd4 $1 Rb2 55. c5 $1 $18 {[%csl Gc5][%cal Gd4c4]} Rxb3 ({
A bit more stubborn would have been} 55... Rb1+ 56. Kf2 Rb2+ 57. Kg3 $1 ({
But not} 57. Kxf3 $2 Rxb3+ 58. Kf4 Rc3 $11) 57... f2 (57... f4+ 58. Rxf4 Rxb3
59. Rxf3 $18) 58. Kg2 Rxb3 59. Rc4 $18) 56. Rc4 Rb7 57. Kf2 {Now it's all over
for black.} g5 58. hxg5 Kxg5 59. c6 Rc7 60. Kxf3 Kf6 61. Kf4 Ke6 62. Rc1 Rc8
63. c7 Kd7 64. h4 {I must say, that in the end of this game I was lucky...} 1-0